[Event "MDA-ch (Women)"]
[Site "Kishinev"]
[Date "2022.02.24"]
[Round "6"]
[White "Ojog, Felicia"]
[Black "Mihailova, Alina"]
[Result "0-1"]
[WhiteElo "1653"]
[BlackElo "1877"]
[PlyCount "72"]
[EventDate "2022.02.19"]
[EventType "swiss"]
[EventRounds "7"]
[EventCountry "MDA"]
[SourceTitle "CBM 207 Extra"]
[Source "ChessBase"]
[SourceDate "2022.05.31"]
[SourceVersion "1"]
[SourceVersionDate "2022.05.31"]
[SourceQuality "1"]

1. d4 d5 2. c4 dxc4 3. e3 Nf6 4. Bxc4 e6 5. Nf3 a6 6. 0-0 b5 7. Bd3 Bb7 8. Qe2 Nbd7 9. Rd1 c5 10. dxc5 Bxc5 11. b3 0-0 12. Bb2 Qe7 13. Nbd2 Bd6 14. a4 e5 15. Nh4 g6 16. axb5 e4 17. Bc4 a5 18. g3 Ne5 19. Bd4 Bc8 20. f3 g5 21. Ng2 exf3 22. Nxf3 Bg4 23. Nge1 Qb7 24. Bxe5 Bxe5 25. Rac1 Rad8 26. Rxd8 Rxd8 27. Rd1 Rxd1 28. Qxd1 Qe4 29. Kf2 Bc3 30. Qd3 Bxe1+ 31. Nxe1 Qh1 32. Ng2 Bh3 33. Qf1 Bxg2 34. Qxh1 Bxh1 35. Ke2 Be4 36. Kd2 Kf8 0-1

[Event "MDA-ch (Women)"]
[Site "Kishinev"]
[Date "2022.02.23"]
[Round "5"]
[White "Ojog, Felicia"]
[Black "Dulteva, Anastasia"]
[Result "1/2-1/2"]
[WhiteElo "1653"]
[BlackElo "1364"]
[PlyCount "80"]
[EventDate "2022.02.19"]
[EventType "swiss"]
[EventRounds "7"]
[EventCountry "MDA"]
[SourceTitle "CBM 207 Extra"]
[Source "ChessBase"]
[SourceDate "2022.05.31"]
[SourceVersion "1"]
[SourceVersionDate "2022.05.31"]
[SourceQuality "1"]

1. d4 Nf6 2. Nf3 g6 3. Nbd2 c5 4. e3 b6 5. b3 Bg7 6. Bb2 0-0 7. Bd3 Bb7 8. 0-0 d6 9. c4 Nbd7 10. Qc2 Qc7 11. d5 Rae8 12. Ng5 e6 13. dxe6 fxe6 14. Rae1 d5 15. cxd5 exd5 16. g3 Ne5 17. Be2 Re7 18. Rd1 Bh6 19. Ngf3 Neg4 20. Nh4 Nxe3 21. fxe3 Bxe3+ 22. Kg2 d4+ 23. Ndf3 Ng4 24. h3 Bf2 25. Qc4+ Ref7 26. Rxf2 Ne3+ 27. Kh2 Nxc4 28. Bxc4 Kg7 29. Bxf7 Rxf7 30. Rff1 Ba6 31. Ng5 Re7 32. Rf2 Kg8 33. Rc1 Re3 34. Rg1 Qe7 35. Nf7 Re2 36. Nh6+ Kh8 37. Rgg2 Qe8 38. Ng4 Qe7 39. Nh6 Qe8 40. Ng4 Qe7 1/2-1/2

[Event "MDA-ch (Women)"]
[Site "Kishinev"]
[Date "2022.02.21"]
[Round "3"]
[White "Golban, Ludmila"]
[Black "Ojog, Felicia"]
[Result "0-1"]
[WhiteElo "1628"]
[BlackElo "1653"]
[PlyCount "104"]
[EventDate "2022.02.19"]
[EventType "swiss"]
[EventRounds "7"]
[EventCountry "MDA"]
[SourceTitle "CBM 207 Extra"]
[Source "ChessBase"]
[SourceDate "2022.05.31"]
[SourceVersion "1"]
[SourceVersionDate "2022.05.31"]
[SourceQuality "1"]

1. c4 e6 2. g3 d5 3. Bg2 Nf6 4. Nf3 Be7 5. 0-0 0-0 6. Qc2 b6 7. Nc3 Bb7 8. Ne5 c5 9. d3 Qc8 10. Bg5 h6 11. Bf4 d4 12. Ne4 Nxe4 13. dxe4 g5 14. Bd2 Bd6 15. Ng4 Kg7 16. e5 Be7 17. Bxb7 Qxb7 18. f4 Nd7 19. f5 f6 20. exf6+ Nxf6 21. Ne5 exf5 22. Qxf5 Qe4 23. Rae1 Qxf5 24. Rxf5 Ne4 25. Rxf8 Rxf8 26. Bc1 Bd6 27. Nd3 a6 28. Rf1 Rxf1+ 29. Kxf1 b5 30. cxb5 axb5 31. Nf2 Nf6 32. Kg2 Kf7 33. Kf3 Ke6 34. h4 gxh4 35. gxh4 h5 36. Bg5 Nd7 37. Ke4 Nb6 38. b3 Nd5 39. Nd1 b4 40. Kd3 Nc3 41. Nf2 Kf5 42. e4+ dxe3 43. Bxe3 Nxa2 44. Ne4 Be7 45. Nxc5 Kg4 46. Na6 Kxh4 47. Kc2 Kg4 48. Kb2 Nc3 49. Bd4 h4 50. Be5 h3 51. Kc2 Nb5 52. Bb8 Bd6 0-1

[Event "MDA-ch (Women)"]
[Site "Kishinev"]
[Date "2020.02.05"]
[Round "8"]
[White "Ojog, Felicia"]
[Black "Tuktamisova, Diana"]
[Result "1-0"]
[WhiteElo "1702"]
[BlackElo "1509"]
[PlyCount "55"]
[EventDate "2020.01.29"]
[EventType "tourn"]
[EventRounds "9"]
[EventCountry "MDA"]
[SourceTitle "CBM 195 Extra"]
[Source "ChessBase"]
[SourceDate "2020.05.31"]
[SourceVersion "1"]
[SourceVersionDate "2020.05.31"]
[SourceQuality "1"]

1. d4 Nf6 2. c4 g6 3. f3 d5 4. cxd5 Nxd5 5. e4 Nb6 6. Nc3 Bg7 7. Be3 e6 8. Qd2 Nc6 9. 0-0-0 a5 10. Bb5 0-0 11. h4 Ne7 12. h5 f5 13. Bg5 c6 14. Be2 Nd7 15. hxg6 hxg6 16. Bh6 Rf7 17. Nh3 Bxh6 18. Qxh6 Rh7 19. Qg5 Nf8 20. Nf4 Qe8 21. Nh5 Nd7 22. exf5 Nxf5 23. Ne4 Kf8 24. Nhf6 Nxf6 25. Qxf6+ Kg8 26. Rxh7 Kxh7 27. Rh1+ Nh6 28. Ng5+ 1-0

[Event "MDA-ch (Women)"]
[Site "Kishinev"]
[Date "2020.02.01"]
[Round "4"]
[White "Ojog, Felicia"]
[Black "Pruteanu, Alina"]
[Result "1-0"]
[WhiteElo "1702"]
[BlackElo "1433"]
[PlyCount "93"]
[EventDate "2020.01.29"]
[EventType "tourn"]
[EventRounds "9"]
[EventCountry "MDA"]
[SourceTitle "CBM 195 Extra"]
[Source "ChessBase"]
[SourceDate "2020.05.31"]
[SourceVersion "1"]
[SourceVersionDate "2020.05.31"]
[SourceQuality "1"]

1. d4 d5 2. c4 e6 3. Nc3 Nf6 4. Bg5 h6 5. Bh4 g5 6. Bg3 Bg7 7. e3 0-0 8. c5 Nc6 9. Bd3 Re8 10. Nge2 a6 11. 0-0 Nh5 12. Bc2 f5 13. f4 Rf8 14. Bf2 Bd7 15. a3 Qe7 16. Qd3 Bf6 17. g4 Ng7 18. Ng3 Kh8 19. gxf5 Nxf5 20. Nxf5 exf5 21. Nxd5 Qg7 22. Bg3 gxf4 23. Rxf4 Bg5 24. Rf3 Ne7 25. Be5 Rf6 26. Bxf6 Bxf6+ 27. Rg3 Bg5 28. Nxe7 Qxe7 29. e4 Re8 30. exf5 Bc6 31. d5 Qxc5+ 32. Kg2 Bxd5+ 33. Kh3 Be4 34. Qc3+ Qxc3 35. Rxc3 Bxc2 36. Rxc2 c6 37. Rd1 Re3+ 38. Kg4 Re4+ 39. Kh5 Kg7 40. f6+ Kxf6 41. Rf2+ Ke6 42. Kg6 Be7 43. Rdd2 Rg4+ 44. Kh7 Bf6 45. Rg2 Rxg2 46. Rxg2 Bg5 47. Rg4 1-0

[Event "Jupiter Fisca op"]
[Site "Jupiter"]
[Date "2019.06.22"]
[Round "1"]
[White "Ojog, Felicia"]
[Black "Anton, Teodor"]
[Result "0-1"]
[WhiteElo "1762"]
[BlackElo "2442"]
[PlyCount "38"]
[EventDate "2019.06.22"]
[EventType "swiss"]
[EventRounds "9"]
[EventCountry "ROU"]
[SourceTitle "CBM 191 Extra"]
[Source "ChessBase"]
[SourceDate "2019.09.30"]
[SourceVersion "1"]
[SourceVersionDate "2019.09.30"]
[SourceQuality "1"]

1. d4 Nf6 2. Nf3 e6 3. c4 Bb4+ 4. Bd2 c5 5. e3 0-0 6. Bd3 b6 7. 0-0 Bb7 8. a3 Bxd2 9. Nbxd2 d6 10. Qc2 Nbd7 11. Rad1 Rc8 12. Ne4 cxd4 13. Nxf6+ Qxf6 14. Nxd4 Ne5 15. Nb5 Nf3+ 16. Kh1 Qh4 17. h3 Ne1 18. Rfxe1 Qxh3+ 19. Kg1 Qxg2# 0-1

[Event "MDA-ch (Women)"]
[Site "Kishinev"]
[Date "2019.02.01"]
[Round "3"]
[White "Ojog, Felicia"]
[Black "Mihailova, Alina"]
[Result "1-0"]
[WhiteElo "1719"]
[BlackElo "1869"]
[PlyCount "47"]
[EventDate "2019.01.30"]
[EventType "tourn"]
[EventRounds "9"]
[EventCountry "MDA"]
[SourceTitle "CBM 188 Extra"]
[Source "ChessBase"]
[SourceDate "2019.02.26"]
[SourceVersion "1"]
[SourceVersionDate "2019.02.26"]
[SourceQuality "1"]

1. d4 Nf6 2. Nf3 e6 3. e3 b6 4. Bd3 Bb7 5. 0-0 Be7 6. Nbd2 0-0 7. b3 d5 8. c4 Nbd7 9. Bb2 c5 10. Qe2 Rc8 11. Rac1 dxc4 12. Nxc4 Nd5 13. Rfd1 cxd4 14. Nxd4 a6 15. Qg4 N7f6 16. Qh3 b5 17. Ne5 g6 18. Qh6 Qd6 19. Ndf3 Rxc1 20. Rxc1 Re8 21. Nxf7 Kxf7 22. Bxg6+ hxg6 23. Ng5+ Kg8 24. Qxg6+ 1-0

[Event "MDA-ch (Women)"]
[Site "Kishinev"]
[Date "2018.02.07"]
[Round "8"]
[White "Petrenko, Svetlana"]
[Black "Ojog, Felicia"]
[Result "1-0"]
[WhiteElo "2166"]
[BlackElo "1705"]
[PlyCount "145"]
[EventDate "2018.01.31"]
[EventType "tourn"]
[EventRounds "9"]
[EventCountry "MDA"]
[SourceTitle "CBM 182 Extra"]
[Source "ChessBase"]
[SourceDate "2018.02.23"]
[SourceVersion "1"]
[SourceVersionDate "2018.02.23"]
[SourceQuality "1"]

1. c4 e6 2. Nf3 d5 3. e3 Nf6 4. b3 Nbd7 5. Bb2 c6 6. Be2 Bd6 7. d4 Qc7 8. c5 Be7 9. b4 b6 10. Nbd2 bxc5 11. bxc5 0-0 12. 0-0 Ne8 13. Qa4 f6 14. Ne1 e5 15. Nd3 a5 16. f4 e4 17. Nf2 Ba6 18. Bxa6 Rxa6 19. Bc3 Qa7 20. Nb3 Bd8 21. f5 Nc7 22. Nh3 Nb5 23. Be1 Bc7 24. Nf4 Bxf4 25. Rxf4 Ra8 26. Rc1 Qc7 27. g4 Nf8 28. Bg3 Qf7 29. Nd2 h6 30. Rf2 Nh7 31. h4 h5 32. Qd1 hxg4 33. Qxg4 Nxd4 34. exd4 e3 35. Rg2 exd2 36. Rxd2 Re8 37. Re2 Ra7 38. Bd6 Raa8 39. Rce1 Rxe2 40. Qxe2 Nf8 41. Kh2 a4 42. a3 Kh7 43. Kh3 Kg8 44. h5 Nh7 45. Bf4 Kf8 46. Kg4 Ng5 47. Bxg5 fxg5 48. Qe6 Qb7 49. h6 gxh6 50. Qxh6+ Qg7 51. Qxg7+ Kxg7 52. Re7+ Kf8 53. Rc7 Re8 54. Kxg5 Re4 55. Rxc6 Kf7 56. Rc7+ Kf8 57. Kf6 Re8 58. Ra7 Rc8 59. Rxa4 Ke8 60. Ke6 Rc6+ 61. Kxd5 Rc8 62. Ra7 Kf8 63. c6 Kg8 64. f6 Rd8+ 65. Rd7 Rc8 66. c7 Rxc7 67. Rxc7 Kf8 68. Ke6 Kg8 69. a4 Kh8 70. a5 Kg8 71. a6 Kh8 72. a7 Kg8 73. a8Q# 1-0

[Event "MDA-ch (Women)"]
[Site "Kishinev"]
[Date "2018.02.04"]
[Round "5"]
[White "Golban, Ludmila"]
[Black "Ojog, Felicia"]
[Result "0-1"]
[WhiteElo "1792"]
[BlackElo "1705"]
[PlyCount "102"]
[EventDate "2018.01.31"]
[EventType "tourn"]
[EventRounds "9"]
[EventCountry "MDA"]
[SourceTitle "CBM 182 Extra"]
[Source "ChessBase"]
[SourceDate "2018.02.23"]
[SourceVersion "1"]
[SourceVersionDate "2018.02.23"]
[SourceQuality "1"]

1. d4 d5 2. Nf3 Nf6 3. e3 c5 4. Be2 Bf5 5. 0-0 e6 6. c3 Nc6 7. Nbd2 cxd4 8. exd4 Bd6 9. Re1 0-0 10. Nf1 Rb8 11. Ne3 Bg6 12. g3 b5 13. a3 a5 14. Ng2 b4 15. axb4 axb4 16. Ra6 Qc7 17. Qa4 Rb6 18. Bf4 Rxa6 19. Qxa6 Ne4 20. Bb5 Nb8 21. Qa1 bxc3 22. Rc1 Bxf4 23. Nxf4 Qb6 24. Nxg6 hxg6 25. Qa4 cxb2 26. Re1 Nc3 27. Qb3 Qxb5 28. Qxb5 Nxb5 29. Rb1 Nc6 30. Rxb2 Nbxd4 31. Ne1 Rb8 32. Rxb8+ Nxb8 33. Nd3 Nbc6 34. f4 e5 35. fxe5 Nf3+ 36. Kg2 Nfxe5 37. Nf4 d4 38. Kf2 g5 39. Nd5 Ng4+ 40. Kf3 Nxh2+ 41. Kg2 Ng4 42. Kf3 f5 43. Nc7 d3 44. Nd5 Nd4+ 45. Kg2 d2 46. Nc3 Ne3+ 47. Kh3 Nb5 48. Ne4 d1Q 49. Nf6+ gxf6 50. g4 Qxg4+ 51. Kh2 Qg2# 0-1

[Event "EU-ch U12 Girls 27th"]
[Site "Mamaia"]
[Date "2017.09.14"]
[Round "9"]
[White "Ojog, Felicia"]
[Black "Ziegenfuss, Antonia"]
[Result "1/2-1/2"]
[WhiteElo "1594"]
[BlackElo "1956"]
[PlyCount "84"]
[EventDate "2017.09.05"]
[EventType "swiss"]
[EventRounds "9"]
[EventCountry "ROU"]
[SourceTitle "EXT 2018"]
[Source "ChessBase"]
[SourceDate "2017.10.13"]
[SourceVersion "1"]
[SourceVersionDate "2017.10.13"]
[SourceQuality "1"]

1. d4 Nf6 2. Nf3 e6 3. c4 d5 4. Nc3 dxc4 5. e3 a6 6. Bxc4 b5 7. Bb3 Bb7 8. 0-0 Nbd7 9. Qe2 c5 10. Rd1 Qb8 11. Bc2 Bd6 12. h3 0-0 13. e4 cxd4 14. Nxd4 Rc8 15. Bg5 Be5 16. Rac1 h6 17. Bxf6 Nxf6 18. a3 Rc4 19. Ndxb5 axb5 20. Nxb5 Qc8 21. Rd8+ Qxd8 22. Qxc4 Rc8 23. Qe2 Qb6 24. Rd1 Rxc2 25. Qxc2 Qxb5 26. b4 Bxe4 27. Qc8+ Kh7 28. Rc1 Qe2 29. Qc5 Qd2 30. Rf1 Qg5 31. f3 Bg6 32. Rd1 Qg3 33. Kf1 Nd5 34. b5 Bc3 35. b6 Qf4 36. Kf2 Bc2 37. Rxd5 exd5 38. Qxc3 Bf5 39. b7 Qb8 40. Qc6 Qa7+ 41. Kg3 Qb8+ 42. Kf2 Qa7+ 1/2-1/2

[Event "MDA-ch (Women)"]
[Site "Chisinau"]
[Date "2017.02.05"]
[Round "9"]
[White "Mocanu, Paula"]
[Black "Ojog, Felicia"]
[Result "1-0"]
[WhiteElo "1652"]
[BlackElo "1670"]
[PlyCount "111"]
[EventDate "2017.01.28"]
[EventType "tourn"]
[EventRounds "9"]
[EventCountry "MDA"]
[SourceTitle "EXT 2020"]
[Source "ChessBase"]
[SourceDate "2019.10.17"]
[SourceVersion "1"]
[SourceVersionDate "2019.10.17"]
[SourceQuality "1"]

1. e4 e5 2. Nf3 Nc6 3. Bc4 Nf6 4. d3 h6 5. 0-0 Bc5 6. c3 d6 7. d4 Bb6 8. dxe5 Nxe4 9. Bxf7+ Ke7 10. exd6+ Qxd6 11. Qxd6+ cxd6 12. Bd5 Nxf2 13. Rxf2 Ne5 14. Nxe5 dxe5 15. Kf1 Bxf2 16. Kxf2 Kd6 17. Bf3 Rf8 18. b3 Ke6 19. Ke3 Kd7 20. Nd2 Kc7 21. Nc4 Re8 22. Ba3 Be6 23. Nd6 Reb8 24. Rd1 a6 25. Nxb7 Rxb7 26. Bd6+ Kb6 27. Bxb7 Kxb7 28. Bxe5 Re8 29. Ke4 g6 30. Rd6 h5 31. Kd4 Bf5 32. c4 Rc8 33. c5 a5 34. a3 Rc6 35. Rd8 Be6 36. b4 axb4 37. axb4 Ra6 38. Rb8+ Ka7 39. Rb5 g5 40. Bc7 Rc6 41. Ba5 g4 42. Bb6+ Kb7 43. Ra5 h4 44. Ra7+ Kb8 45. b5 Rc8 46. c6 g3 47. hxg3 hxg3 48. c7+ Rxc7 49. Rxc7 Bh3 50. gxh3 g2 51. Rg7 g1Q+ 52. Rxg1 Kc8 53. Rg5 Kb8 54. Kc5 Kc8 55. Kc6 Kb8 56. Rg8# 1-0

[Event "MDA-ch (Women)"]
[Site "Chisinau"]
[Date "2017.02.04"]
[Round "8"]
[White "Ojog, Felicia"]
[Black "Daicu, Diana"]
[Result "1-0"]
[WhiteElo "1670"]
[BlackElo "1644"]
[PlyCount "91"]
[EventDate "2017.01.28"]
[EventType "tourn"]
[EventRounds "9"]
[EventCountry "MDA"]
[SourceTitle "EXT 2020"]
[Source "ChessBase"]
[SourceDate "2019.10.17"]
[SourceVersion "1"]
[SourceVersionDate "2019.10.17"]
[SourceQuality "1"]

1. d4 d5 2. Nf3 Nf6 3. c4 e6 4. Nc3 Be7 5. Bg5 0-0 6. e3 h6 7. Bh4 b6 8. Bd3 Bb7 9. 0-0 Nbd7 10. Re1 dxc4 11. Bxc4 Rc8 12. e4 Nxe4 13. Bxe7 Nxc3 14. Bxd8 Nxd1 15. Be7 Rfe8 16. Ba3 Nxb2 17. Bxb2 c5 18. Bb5 Red8 19. Bxd7 Rxd7 20. Ne5 Rd5 21. dxc5 Rcxc5 22. Rac1 f6 23. Nf3 e5 24. h3 Ba6 25. Kh2 Bc4 26. a3 b5 27. Bc3 Rd7 28. Nd2 Ba2 29. Bb4 Rcc7 30. Ne4 Bc4 31. Rc3 Rd4 32. f3 a6 33. Rec1 Rcd7 34. Nc5 Ra7 35. Ne4 Rad7 36. R3c2 Rc7 37. Nd6 Rc6 38. Nf5 Kf7 39. Nxd4 exd4 40. Rd2 d3 41. Rxd3 a5 42. Rd7+ Ke8 43. Re7+ Kf8 44. Rc7+ axb4 45. Rxc6 bxa3 46. R6xc4 1-0

[Event "MDA-ch (Women)"]
[Site "Chisinau"]
[Date "2017.01.31"]
[Round "4"]
[White "Gitu, Paula Alexandra"]
[Black "Ojog, Felicia"]
[Result "1-0"]
[WhiteElo "1881"]
[BlackElo "1670"]
[PlyCount "69"]
[EventDate "2017.01.28"]
[EventType "tourn"]
[EventRounds "9"]
[EventCountry "MDA"]
[SourceTitle "EXT 2020"]
[Source "ChessBase"]
[SourceDate "2019.10.17"]
[SourceVersion "1"]
[SourceVersionDate "2019.10.17"]
[SourceQuality "1"]

1. e4 e5 2. Nf3 Nc6 3. Nc3 Nf6 4. g3 Bb4 5. Nd5 Bc5 6. d3 Ng4 7. Be3 Nxe3 8. fxe3 d6 9. Bg2 Bg4 10. 0-0 0-0 11. Qd2 a6 12. Nh4 Ne7 13. Nxe7+ Qxe7 14. Nf5 Qe6 15. h3 Bh5 16. g4 Bg6 17. Qf2 c6 18. h4 h5 19. Bh3 Kh8 20. Qg3 Qe8 21. Rf2 Qd8 22. c3 d5 23. Raf1 dxe4 24. d4 exd4 25. cxd4 Be7 26. Nxe7 Qxe7 27. g5 f5 28. Bxf5 Bxf5 29. Rxf5 g6 30. Qe5+ Qxe5 31. Rxe5 Kg7 32. Rxe4 Rae8 33. Rff4 Rg8 34. Kg2 Rgf8 35. Kf3 1-0

[Event "MDA-ch (Women)"]
[Site "Kishinev"]
[Date "2016.02.08"]
[Round "7"]
[White "Daicu, Diana"]
[Black "Ojog, Felicia"]
[Result "0-1"]
[WhiteElo "1704"]
[BlackElo "1581"]
[PlyCount "72"]
[EventDate "2016.02.02"]
[EventType "tourn"]
[EventRounds "9"]
[EventCountry "MDA"]
[SourceTitle "EXT 2022"]
[Source "ChessBase"]
[SourceDate "2021.10.06"]
[SourceVersion "1"]
[SourceVersionDate "2021.10.06"]
[SourceQuality "1"]

1. e4 e5 2. Nf3 Nc6 3. d4 exd4 4. Nxd4 Bc5 5. Be3 Qf6 6. c3 Nge7 7. Bc4 Ne5 8. Be2 Qg6 9. 0-0 d6 10. Nd2 Bh3 11. Bf3 Nxf3+ 12. Qxf3 Bg4 13. Qg3 0-0 14. f4 f5 15. h3 Bh5 16. Qh4 Rae8 17. g4 Bxd4 18. Bxd4 fxg4 19. f5 Qh6 20. hxg4 Qxd2 21. Rf2 Qd3 22. gxh5 Rf7 23. Rg2 Nc6 24. Bxg7 Rxg7 25. Rxg7+ Kxg7 26. h6+ Kf7 27. Qh5+ Ke7 28. f6+ Kd8 29. Qg5 Rf8 30. f7+ Ne7 31. Qg7 Qe3+ 32. Kg2 Qxe4+ 33. Kg1 Ng6 34. Qxh7 Qg4+ 35. Kh2 Nh4 36. Qg7 Nf3+ 0-1

[Event "MDA-ch (Women)"]
[Site "Kishinev"]
[Date "2016.02.05"]
[Round "4"]
[White "Ojog, Felicia"]
[Black "Mocanu, Paula"]
[Result "0-1"]
[WhiteElo "1581"]
[BlackElo "1678"]
[PlyCount "80"]
[EventDate "2016.02.02"]
[EventType "tourn"]
[EventRounds "9"]
[EventCountry "MDA"]
[SourceTitle "EXT 2022"]
[Source "ChessBase"]
[SourceDate "2021.10.06"]
[SourceVersion "1"]
[SourceVersionDate "2021.10.06"]
[SourceQuality "1"]

1. d4 d5 2. Nf3 Nf6 3. c4 e6 4. Nbd2 Nbd7 5. e3 b6 6. b3 Bb7 7. Bb2 Be7 8. Bd3 c5 9. 0-0 0-0 10. Ne5 dxc4 11. Ndxc4 b5 12. Nd2 Nxe5 13. dxe5 Qxd3 14. exf6 gxf6 15. Rc1 Rad8 16. Rc2 Kh8 17. Qc1 Rg8 18. g3 e5 19. Nb1 Qf5 20. f4 Qe4 21. Kf2 exf4 22. exf4 c4 23. Re2 Bc5+ 24. Ke1 Qxe2+ 25. Kxe2 Rge8+ 26. Be5 fxe5 27. f5 Be4 28. Rd1 Bd3+ 29. Ke1 Bb4+ 30. Kf2 e4 31. Qb2+ Kg8 32. Kg2 e3 33. Nc3 Bxc3 34. Qxc3 Be4+ 35. Kh3 Rxd1 36. Qf6 h6 37. Kg4 e2 38. Qxh6 Bxf5+ 39. Kxf5 Rd5+ 40. Kg4 e1Q 0-1

[Event "MDA-ch (Women)"]
[Site "Kishinev"]
[Date "2016.02.04"]
[Round "3"]
[White "Ojog, Felicia"]
[Black "Verbin, Valentina"]
[Result "0-1"]
[WhiteElo "1581"]
[BlackElo "1785"]
[PlyCount "82"]
[EventDate "2016.02.02"]
[EventType "tourn"]
[EventRounds "9"]
[EventCountry "MDA"]
[SourceTitle "EXT 2022"]
[Source "ChessBase"]
[SourceDate "2021.10.06"]
[SourceVersion "1"]
[SourceVersionDate "2021.10.06"]
[SourceQuality "1"]

1. d4 Nf6 2. Nf3 e6 3. c4 Bb4+ 4. Nc3 Nc6 5. Qc2 d6 6. Bg5 h6 7. Bh4 g5 8. Bg3 g4 9. d5 exd5 10. cxd5 Ne7 11. Qa4+ Qd7 12. Qxb4 gxf3 13. gxf3 Qf5 14. Qb3 Bd7 15. Qxb7 0-0 16. Qxc7 Qc2 17. Bh4 Rfc8 18. Qa5 Rc5 19. Qa3 Nfxd5 20. Ne4 Rb5 21. b3 Ng6 22. Rc1 Nb4 23. Bf6 Ne5 24. Rg1+ Kf8 25. Bg7+ Ke7 26. Bxe5 Rxe5 27. e3 Rc8 28. Bc4 Nd3+ 29. Kf1 Qxc1+ 30. Qxc1 Nxc1 31. Nc3 Be6 32. Ke1 Ra5 33. b4 Ra3 34. Nb5 Ra4 35. Bxe6 fxe6 36. Rg7+ Kf6 37. Rh7 Rxa2 38. Rxh6+ Kg7 39. Rxe6 Nd3+ 40. Kf1 Rxf2+ 41. Kg1 Rc1# 0-1

[Event "MDA-ch (Women)"]
[Site "Kishinev"]
[Date "2016.02.03"]
[Round "2"]
[White "Petrenko, Svetlana"]
[Black "Ojog, Felicia"]
[Result "1-0"]
[WhiteElo "2185"]
[BlackElo "1581"]
[PlyCount "87"]
[EventDate "2016.02.02"]
[EventType "tourn"]
[EventRounds "9"]
[EventCountry "MDA"]
[SourceTitle "EXT 2022"]
[Source "ChessBase"]
[SourceDate "2021.10.06"]
[SourceVersion "1"]
[SourceVersionDate "2021.10.06"]
[SourceQuality "1"]

1. e4 e5 2. Nf3 Nc6 3. Bb5 a6 4. Ba4 Nf6 5. 0-0 Be7 6. Re1 b5 7. Bb3 0-0 8. c3 d5 9. exd5 Nxd5 10. Nxe5 Nxe5 11. Rxe5 c6 12. Bxd5 cxd5 13. d4 Bd6 14. Re1 Qh4 15. g3 Qh3 16. Qf3 Be6 17. Be3 Rae8 18. Nd2 h6 19. Bf4 Bxf4 20. Qxf4 g5 21. Qf6 Kh7 22. Re5 Rg8 23. Rae1 Rg6 24. Qf3 f6 25. R5e3 f5 26. Qg2 Qh5 27. Re5 g4 28. Nb3 Rf6 29. Nc5 Qf7 30. Nxe6 Rexe6 31. Qxd5 Rd6 32. Qxf7+ Rxf7 33. Re7 Kg7 34. Rxf7+ Kxf7 35. Re5 Kf6 36. a3 Rc6 37. f4 gxf3 38. Kf2 Rc7 39. Kxf3 Rg7 40. h3 h5 41. Kf4 Rg5 42. Rc5 Rg6 43. Rxf5+ Ke6 44. Rxh5 1-0

[Event "EU-ch U10 Girls 25th"]
[Site "Porec"]
[Date "2015.09.27"]
[Round "6"]
[White "Karavitaki, Evaggelia"]
[Black "Ojog, Felicia"]
[Result "1-0"]
[WhiteElo "1437"]
[BlackElo "1466"]
[PlyCount "161"]
[EventDate "2015.09.21"]
[EventType "swiss"]
[EventRounds "9"]
[EventCountry "CRO"]
[SourceTitle "EXT 2016"]
[Source "ChessBase"]
[SourceDate "2015.10.08"]
[SourceVersion "1"]
[SourceVersionDate "2015.10.08"]
[SourceQuality "1"]

1. e4 e5 2. Nf3 Nc6 3. Bb5 a6 4. Ba4 Nf6 5. d3 b5 6. Bb3 Be7 7. 0-0 0-0 8. Re1 d6 9. h3 Na5 10. c3 Nxb3 11. axb3 Be6 12. d4 exd4 13. cxd4 c6 14. Bf4 d5 15. e5 Ne4 16. Nbd2 Bf5 17. Nxe4 Bxe4 18. Nd2 Bg6 19. Qc1 Qb6 20. Be3 f6 21. Nf3 Bb4 22. Bd2 Bxd2 23. Qxd2 Be4 24. exf6 Rxf6 25. Ne5 Qb7 26. f3 Bf5 27. Rac1 Re8 28. Nxc6 Rfe6 29. Rxe6 Bxe6 30. Rc5 Qf7 31. Ne5 Qh5 32. Qf4 Rf8 33. Qg3 Qh6 34. Rc7 Bf7 35. Nxf7 Rxf7 36. Qe5 Rf8 37. Qxd5+ Kh8 38. Qe5 Rg8 39. d5 Qb6+ 40. Kh2 Qf6 41. Qxf6 gxf6 42. d6 Rd8 43. d7 Kg7 44. Kg3 Kf7 45. Kf4 Ke6 46. g4 Rxd7 47. Rxd7 Kxd7 48. Kf5 Ke7 49. g5 fxg5 50. Kxg5 Kf7 51. Kh6 Kg8 52. f4 a5 53. f5 b4 54. f6 Kf7 55. Kg5 Ke6 56. h4 Kf7 57. Kf5 Ke8 58. Ke6 Kf8 59. f7 h5 60. Kf5 Kxf7 61. Kg5 Ke6 62. Kxh5 Kf5 63. Kh6 Kf6 64. h5 Kf7 65. Kg5 Kg7 66. Kf5 Kh6 67. Ke5 Kxh5 68. Kd5 Kg5 69. Kc5 Kf5 70. Kb5 Ke6 71. Kxa5 Kd6 72. Kxb4 Kc6 73. Ka5 Kb7 74. Kb5 Kb8 75. Kb6 Kc8 76. b4 Kb8 77. b5 Kc8 78. Ka7 Kd7 79. b6 Kc6 80. b7 Kd5 81. b8Q 1-0